| 000 | 00511nam a2200157Ia 4500 | ||
|---|---|---|---|
| 001 | 64547 | ||
| 008 | 210403n2020 ii |||gr||||Z||||||465 | ||
| 020 | _a9780367898328 | ||
| 082 | _a320.954 | ||
| 100 |
_aGogoi, Dilip, _eAuthor. |
||
| 245 | 0 |
_aMaking of India`s northeast : _bgeopolitics of borderland and transnational interactions / _cDilip Gogoi . _hTextual Documents |
|
| 260 |
_aLondon &New York _bRoutledge Publishers _c2020 |
||
| 300 |
_axiii, 275 p.: _c20 cm. |
||
| 653 | _aPolitics-India | ||
| 942 |
_2ddc _cBK |
||
| 999 |
_c65647 _d65647 |
||